Magnets and springs (Record no. 97888)

MARC details
000 -LEADER
fixed length control field 00474nam a2200181Ia 4500
003 - CONTROL NUMBER IDENTIFIER
control field 3228
005 - DATE AND TIME OF LATEST TRANSACTION
control field 20250508110505.0
008 - FIXED-LENGTH DATA ELEMENTS--GENERAL INFORMATION
fixed length control field 210816s9999 xx 000 0 und d
020 ## - INTERNATIONAL STANDARD BOOK NUMBER
International Standard Book Number 9780750248037
Qualifying information Hard cover
040 ## - CATALOGING SOURCE
Original cataloging agency RDA
Transcribing agency 3228
082 ## - DEWEY DECIMAL CLASSIFICATION NUMBER
Classification number J 538.4 BALL
100 ## - MAIN ENTRY--PERSONAL NAME
Personal name BALLARD, Carol
9 (RLIN) 24922
245 #0 - TITLE STATEMENT
Title Magnets and springs
260 ## - PUBLICATION, DISTRIBUTION, ETC.
Place of publication, distribution, etc. London
Name of publisher, distributor, etc. Wayland
Date of publication, distribution, etc. 2006
300 ## - PHYSICAL DESCRIPTION
Extent 32 pages
Other physical details colour illustrations
Dimensions 28 cm
521 ## - TARGET AUDIENCE NOTE
Target audience note Juvenile
942 ## - ADDED ENTRY ELEMENTS
item type Books
Source of classification or shelving scheme Dewey Decimal Classification
-- 470
-- Patience Mbowane
Holdings
Withdrawn status Lost status Damaged status Not for loan Home library Current library Date acquired Cost, normal purchase price Total Checkouts Barcode Date last seen Price effective from item type
        Mafemani Mafemani 17.08.2021 60.00   33228021366347 17.08.2021 17.08.2021 Books